01157nam a2200301 i 4500003001000000005001700010007000300027008004100030020001500071040003500086041000800121082002200129100004300151245018300194250002200377264005200399300004000451336002700491337003300518338002800551650003600579650003500615650004200650650004800692650002900740700004400769700004200813CO-BoRNBP20220317000642.0ta200326s2000 ck gr 000 0 spa d a9588052580 aCO-BoRNBPbspaerdacCO-BoRNBP0 aspa04a306.461bG65a2231 aGómez López, Augusto Javiereautor10aAmazonia colombianabenfermedades y epidemiasbun estudio de bioantropología históricacAugusto Javier Gómez López , Hugo Armando Soto Mayor, Ana Cristina Lesmes Patiño aPrimera edición 1aBogotá, ColombiabMinisterio de Culturac2000 a616 páginasbilustracionesc23 cm atextobtxt2rdacontent asin mediaciónbn2rdamedia avolumenbnc2rdacarrier17aAntropología médica2ARMARC17aEnfermedadesxHistoria2ARMARC17aEpidemiasxHistoriazColombia2ARMARC17aIndígenasxEnfermedadeszColombia2ARMARC17aMedicina popular2ARMARC1 aSotomayor Tribín, Hugo Armandoeautor1 a Lesmes Patiño, Ana Cristinaeautor